Statistics for U.S. Federal Holidays

Click here to take the quiz!

General Stats

  • This quiz has been taken 85,133 times
    (13,774 since last reset)
  • The average score is 8 of 11

Answer Stats

Holiday% Correct
Christmas
98%
Independence Day
91%
Thanksgiving
90%
New Year's Day
83%
Labor Day
76%
Martin Luther King Day
70%
Memorial Day
69%
Washington's Birthday
68%
Veterans Day
66%
Juneteenth
61%
Columbus Day
50%

Score Distribution

Percentile by Number Answered

Percent of People with Each Score

Your Score History

You have not taken this quiz since the last reset